[Event "Lozovatsky memorial 2018"]
[Site "?"]
[Date "2018.01.10"]
[Round "2.1"]
[White "Bezgodov, Alexei"]
[Black "Tosic, Miroslav"]
[Result "1-0"]
[BlackElo "2416"]
[WhiteElo "2482"]
[LiveChessVersion "1.4.8"]

1. e4 {[%clk 1:30:58]} c5 {[%clk 1:30:38]} 2. Nf3 {[%clk 1:31:21]} d6
{[%clk 1:30:59]} 3. d4 {[%clk 1:31:44]} cxd4 {[%clk 1:31:24]} 4. Nxd4
{[%clk 1:32:11]} Nf6 {[%clk 1:31:45]} 5. Nc3 {[%clk 1:32:37]} a6 {[%clk 1:32:10]}
6. Bg5 {[%clk 1:32:57]} e6 {[%clk 1:31:52]} 7. f4 {[%clk 1:33:21]} h6
{[%clk 1:32:08]} 8. Bh4 {[%clk 1:33:42]} Qb6 {[%clk 1:32:28]} 9. Qd2
{[%clk 1:31:45]} Be7 {[%clk 1:32:04]} 10. O-O-O {[%clk 1:28:21]} Nxe4
{[%clk 1:31:45]} 11. Nxe4 {[%clk 1:28:34]} Bxh4 {[%clk 1:32:04]} 12. Nf5
{[%clk 1:24:48]} exf5 {[%clk 1:29:43]} 13. Nxd6+ {[%clk 1:25:05]} Ke7
{[%clk 1:22:24]} 14. Qe2+ {[%clk 1:25:00]} Be6 {[%clk 1:17:33]} 15. Nxf5+
{[%clk 1:25:23]} Kf8 {[%clk 1:17:56]} 16. Nxh4 {[%clk 1:25:48]} Nc6
{[%clk 1:18:09]} 17. Ng6+ {[%clk 1:23:35]} Kg8 {[%clk 1:17:19]} 18. Rd6
{[%clk 1:14:12]} Bxa2 {[%clk 1:10:42]} 19. Ne7+ {[%clk 0:42:09]} Kf8
{[%clk 0:50:15]} 20. Nxc6 {[%clk 0:42:14]} bxc6 {[%clk 0:49:30]} 21. Qd2
{[%clk 0:41:51]} Be6 {[%clk 0:41:57]} 22. f5 {[%clk 0:39:17]} Bxf5
{[%clk 0:26:39]} 23. Bc4 {[%clk 0:39:28]} h5 {[%clk 0:26:36]} 24. Rf1
{[%clk 0:33:06]} g6 {[%clk 0:26:58]} 25. Bxf7 {[%clk 0:27:18]} Qb5
{[%clk 0:21:46]} 26. c4 {[%clk 0:20:19]} Qa4 {[%clk 0:20:40]} 27. Rxf5
{[%clk 0:20:41]} gxf5 {[%clk 0:20:46]} 28. Rd7 {[%clk 0:19:23]} 1-0

[Event "Lozovatsky memorial 2018"]
[Site "?"]
[Date "2018.01.10"]
[Round "2.2"]
[White "Simantsev, Mikhail"]
[Black "Sitnikov, Anton"]
[Result "1/2-1/2"]
[BlackElo "2451"]
[WhiteElo "2495"]
[LiveChessVersion "1.4.8"]

1. d4 {[%clk 1:23:52]} d5 {[%clk 1:22:38]} 2. c4 {[%clk 1:21:18]} c6
{[%clk 1:22:38]} 3. e3 {[%clk 1:17:31]} e6 {[%clk 1:18:51]} 4. Nc3
{[%clk 1:11:52]} f5 {[%clk 1:17:21]} 5. Bd3 {[%clk 1:11:32]} Nf6 {[%clk 1:17:38]}
6. f3 {[%clk 1:09:25]} Na6 {[%clk 1:12:38]} 7. a3 {[%clk 1:06:23]} Nc7
{[%clk 1:12:41]} 8. Nge2 {[%clk 1:02:16]} dxc4 {[%clk 0:59:00]} 9. Bxc4
{[%clk 1:02:03]} Bd6 {[%clk 0:59:19]} 10. O-O {[%clk 1:01:31]} Qe7
{[%clk 0:54:06]} 11. e4 {[%clk 0:48:24]} fxe4 {[%clk 0:50:48]} 12. Nxe4
{[%clk 0:43:20]} Ncd5 {[%clk 0:49:52]} 13. Nxd6+ {[%clk 0:35:09]} Qxd6
{[%clk 0:50:10]} 14. Nc3 {[%clk 0:33:58]} O-O {[%clk 0:40:53]} 15. Re1
{[%clk 0:28:23]} Bd7 {[%clk 0:34:54]} 16. Bg5 {[%clk 0:23:12]} Nxc3
{[%clk 0:28:49]} 17. bxc3 {[%clk 0:23:11]} Nd5 {[%clk 0:28:59]} 18. Qd3
{[%clk 0:17:56]} Be8 {[%clk 0:20:59]} 19. Bb3 {[%clk 0:15:11]} Bg6
{[%clk 0:20:47]} 20. Qd2 {[%clk 0:15:12]} b5 {[%clk 0:13:03]} 21. Re5
{[%clk 0:11:45]} Rf5 {[%clk 0:04:01]} 22. Ree1 {[%clk 0:05:45]} Kh8
{[%clk 0:00:37]} 23. Bh4 {[%clk 0:04:49]} Rf7 {[%clk 0:00:51]} 24. Bg3
{[%clk 0:04:56]} Qd7 {[%clk 0:00:44]} 25. a4 {[%clk 0:02:33]} a5 {[%clk 0:00:56]}
26. axb5 {[%clk 0:02:13]} cxb5 {[%clk 0:01:22]} 27. c4 {[%clk 0:00:46]} bxc4
{[%clk 0:01:47]} 28. Bxc4 {[%clk 0:01:13]} a4 {[%clk 0:01:22]} 29. Qe2
{[%clk 0:01:11]} Bf5 {[%clk 0:00:57]} 30. Ra3 {[%clk 0:00:59]} Rff8
{[%clk 0:00:32]} 31. Bb5 {[%clk 0:01:09]} Qe7 {[%clk 0:00:33]} 32. Rea1
{[%clk 0:01:25]} Ra5 {[%clk 0:00:33]} 33. Be1 {[%clk 0:01:11]} Ra7
{[%clk 0:00:31]} 34. Rxa4 {[%clk 0:01:31]} Rfa8 {[%clk 0:00:47]} 35. Rxa7 Rxa7
{[%clk 0:01:13]} 36. Rxa7 {[%clk 0:01:18]} Qxa7 {[%clk 0:01:38]} 37. Qd2
{[%clk 0:00:34]} h6 {[%clk 0:01:51]} 38. Bf1 {[%clk 0:00:47]} e5 {[%clk 0:00:32]}
39. Bf2 {[%clk 0:00:34]} e4 {[%clk 0:00:55]} 40. fxe4 {[%clk 0:00:35]} Bxe4
{[%clk 0:01:19]} 41. Qe2 {[%clk 0:00:44]} Qe7 {[%clk 0:01:12]} 42. Bg3
{[%clk 0:00:56]} Qe6 {[%clk 0:01:13]} 43. Be5 {[%clk 0:01:20]} Qf5
{[%clk 0:01:22]} 44. g4 {[%clk 0:00:37]} Qg6 {[%clk 0:01:46]} 45. h3
{[%clk 0:00:48]} h5 {[%clk 0:01:46]} 46. Kh2 {[%clk 0:00:35]} hxg4
{[%clk 0:01:47]} 47. hxg4 {[%clk 0:00:40]} Qh6+ {[%clk 0:00:44]} 48. Kg3
{[%clk 0:00:46]} Ne3 {[%clk 0:01:01]} 49. Bh3 {[%clk 0:00:43]} Qg5
{[%clk 0:01:02]} 50. Qf2 {[%clk 0:00:43]} Nf5+ {[%clk 0:00:36]} 51. Kh2
{[%clk 0:01:03]} Nh4 {[%clk 0:00:53]} 52. Bf4 Qd8 {[%clk 0:01:05]} 53. Kg3
{[%clk 0:00:33]} Nf3 {[%clk 0:01:22]} 54. g5 {[%clk 0:00:40]} Nxd4
{[%clk 0:00:40]} 55. Bg4 {[%clk 0:00:40]} Kg8 {[%clk 0:00:39]} 56. Be5
{[%clk 0:00:38]} Nf3 {[%clk 0:00:34]} 57. Qa2+ {[%clk 0:00:35]} Kh7
{[%clk 0:00:34]} 58. g6+ {[%clk 0:00:37]} Bxg6 {[%clk 0:00:56]} 59. Kxf3
{[%clk 0:00:40]} Qd3+ {[%clk 0:01:03]} 60. Kf2 {[%clk 0:00:55]} Qc2+
{[%clk 0:00:43]} 1/2-1/2

[Event "Lozovatsky memorial 2018"]
[Site "?"]
[Date "2018.01.10"]
[Round "2.3"]
[White "Fakhrutdinov, Timur"]
[Black "Gutenev, Alexander"]
[Result "1-0"]
[BlackElo "2485"]
[WhiteElo "2417"]
[LiveChessVersion "1.4.8"]

1. e4 {[%clk 1:30:57]} c5 {[%clk 1:30:32]} 2. Nf3 {[%clk 1:31:21]} Nc6
{[%clk 1:30:55]} 3. d4 {[%clk 1:31:46]} cxd4 {[%clk 1:31:10]} 4. Nxd4
{[%clk 1:32:09]} Qc7 {[%clk 1:31:15]} 5. Nc3 {[%clk 1:32:33]} e6 {[%clk 1:31:41]}
6. Be3 {[%clk 1:32:52]} a6 {[%clk 1:31:48]} 7. a3 {[%clk 1:33:16]} Nf6
{[%clk 1:32:02]} 8. f4 {[%clk 1:33:33]} d6 {[%clk 1:31:11]} 9. Qf3
{[%clk 1:33:30]} Be7 {[%clk 1:28:56]} 10. O-O-O {[%clk 1:33:41]} Nxd4
{[%clk 1:09:32]} 11. Bxd4 {[%clk 1:28:49]} O-O {[%clk 0:58:21]} 12. e5
{[%clk 1:12:47]} Nd7 {[%clk 0:56:45]} 13. exd6 {[%clk 1:08:22]} Bxd6
{[%clk 0:56:02]} 14. g3 {[%clk 1:08:29]} Bc5 {[%clk 0:36:35]} 15. Bg2
{[%clk 1:00:45]} Rb8 {[%clk 0:34:27]} 16. Ne4 {[%clk 0:48:53]} Bxd4
{[%clk 0:33:25]} 17. Rxd4 {[%clk 0:49:18]} b5 {[%clk 0:33:07]} 18. Rhd1
{[%clk 0:44:20]} Nb6 {[%clk 0:30:19]} 19. Qc3 {[%clk 0:38:26]} Qxc3
{[%clk 0:29:12]} 20. Nxc3 {[%clk 0:37:55]} Bb7 {[%clk 0:19:58]} 21. Bxb7
{[%clk 0:37:17]} Rxb7 {[%clk 0:20:24]} 22. Rd6 {[%clk 0:30:55]} Rbb8
{[%clk 0:16:25]} 23. Rc6 {[%clk 0:26:37]} Rfc8 {[%clk 0:12:11]} 24. Rxc8+
{[%clk 0:25:37]} Rxc8 {[%clk 0:12:38]} 25. Rd6 {[%clk 0:26:01]} Rb8
{[%clk 0:12:40]} 26. Rc6 {[%clk 0:18:52]} Kf8 {[%clk 0:13:04]} 27. Ne4
{[%clk 0:18:16]} a5 {[%clk 0:12:08]} 28. Nd6 {[%clk 0:14:30]} b4 {[%clk 0:05:44]}
29. axb4 {[%clk 0:14:22]} axb4 {[%clk 0:06:07]} 30. Rc7 {[%clk 0:13:53]} f6
{[%clk 0:04:33]} 31. Rf7+ {[%clk 0:13:29]} Kg8 {[%clk 0:05:00]} 32. Re7
{[%clk 0:13:13]} e5 {[%clk 0:03:59]} 33. fxe5 {[%clk 0:12:00]} Nd5
{[%clk 0:04:26]} 34. exf6 {[%clk 0:10:21]} gxf6 {[%clk 0:04:40]} 35. Rd7
{[%clk 0:09:24]} Nb6 {[%clk 0:04:42]} 36. Rc7 {[%clk 0:08:34]} Nd5
{[%clk 0:03:51]} 37. Rc5 {[%clk 0:07:12]} Ne3 {[%clk 0:03:55]} 38. Nf5
{[%clk 0:05:51]} Ng4 {[%clk 0:04:00]} 39. h3 {[%clk 0:03:34]} Nf2
{[%clk 0:04:06]} 40. h4 {[%clk 0:02:51]} Kf7 {[%clk 0:01:58]} 41. Rc4
{[%clk 0:02:14]} h5 {[%clk 0:01:17]} 42. b3 {[%clk 0:01:55]} Ng4 {[%clk 0:01:02]}
43. Kd2 {[%clk 0:01:26]} Rd8+ {[%clk 0:00:59]} 44. Rd4 {[%clk 0:01:39]} Rb8
{[%clk 0:01:21]} 45. c3 {[%clk 0:01:04]} bxc3+ {[%clk 0:01:29]} 46. Kxc3
{[%clk 0:01:32]} Ne5 {[%clk 0:01:14]} 47. b4 {[%clk 0:01:42]} Rc8+
{[%clk 0:00:38]} 48. Kb3 {[%clk 0:02:11]} Rb8 {[%clk 0:00:59]} 49. Rd6
{[%clk 0:01:47]} Rb7 {[%clk 0:00:52]} 50. Ka4 {[%clk 0:00:41]} Ra7+
{[%clk 0:01:05]} 51. Kb5 {[%clk 0:00:46]} Ra3 {[%clk 0:01:21]} 52. Rd4
{[%clk 0:00:37]} Kg6 {[%clk 0:00:45]} 53. Ne7+ {[%clk 0:00:37]} Kf7
{[%clk 0:01:12]} 54. Nc6 {[%clk 0:00:54]} Nf3 {[%clk 0:00:32]} 55. Rf4
{[%clk 0:01:11]} Kg6 {[%clk 0:00:37]} 56. Ne7+ {[%clk 0:01:22]} Kg7
{[%clk 0:00:43]} 57. Nd5 {[%clk 0:01:35]} f5 {[%clk 0:00:47]} 58. Ne7
{[%clk 0:01:17]} Kf6 {[%clk 0:00:55]} 59. Nxf5 {[%clk 0:01:24]} Ne5
{[%clk 0:00:34]} 60. Ne3+ {[%clk 0:01:08]} Kg6 {[%clk 0:00:45]} 61. Nc4
{[%clk 0:01:11]} Nxc4 {[%clk 0:01:01]} 62. Rxc4 {[%clk 0:01:35]} Rxg3
{[%clk 0:01:29]} 63. Kc5 {[%clk 0:01:58]} Kf7 {[%clk 0:01:44]} 64. b5
{[%clk 0:01:51]} Ke6 {[%clk 0:02:05]} 65. Rd4 {[%clk 0:01:24]} Rc3+
{[%clk 0:02:28]} 66. Kb4 {[%clk 0:01:31]} Rc1 {[%clk 0:02:54]} 67. b6
{[%clk 0:01:36]} Ke5 {[%clk 0:02:30]} 68. Rc4 {[%clk 0:01:05]} Rg1
{[%clk 0:02:27]} 69. Kc5 {[%clk 0:01:16]} Rb1 {[%clk 0:02:47]} 70. Kc6
{[%clk 0:01:36]} Kd5+ 1-0

[Event "Lozovatsky memorial 2018"]
[Site "?"]
[Date "2018.01.10"]
[Round "2.4"]
[White "Kholopov, Alexander A"]
[Black "Radzhabov, Rodion"]
[Result "1/2-1/2"]
[BlackElo "2314"]
[WhiteElo "2305"]
[LiveChessVersion "1.4.8"]

1. d4 {[%clk 1:30:58]} Nf6 {[%clk 1:25:25]} 2. Nf3 {[%clk 1:31:23]} e6
{[%clk 1:25:35]} 3. Bf4 {[%clk 1:30:43]} b6 {[%clk 1:24:44]} 4. e3
{[%clk 1:30:46]} Bb7 {[%clk 1:25:06]} 5. h3 {[%clk 1:30:19]} c5 {[%clk 1:24:23]}
6. Be2 {[%clk 1:30:20]} Be7 {[%clk 1:24:09]} 7. O-O {[%clk 1:30:42]} O-O
{[%clk 1:23:44]} 8. Nbd2 {[%clk 1:30:27]} Nc6 {[%clk 1:21:47]} 9. c3
{[%clk 1:30:37]} d5 {[%clk 1:11:34]} 10. a3 {[%clk 1:30:19]} Bd6 {[%clk 1:05:21]}
11. Bxd6 {[%clk 1:24:40]} Qxd6 {[%clk 1:05:33]} 12. b4 {[%clk 1:24:52]} cxd4
{[%clk 1:00:56]} 13. cxd4 {[%clk 1:24:51]} Rac8 {[%clk 1:00:16]} 14. Qa4
{[%clk 1:07:41]} Rc7 {[%clk 0:58:11]} 15. Rfc1 {[%clk 0:55:45]} Rfc8
{[%clk 0:56:45]} 16. Rc2 {[%clk 0:46:17]} Ne7 {[%clk 0:50:48]} 17. Rac1
{[%clk 0:45:31]} Rxc2 {[%clk 0:51:02]} 18. Rxc2 {[%clk 0:45:58]} Rxc2
{[%clk 0:51:21]} 19. Qxc2 {[%clk 0:46:26]} Qc6 {[%clk 0:50:48]} 20. Qxc6
{[%clk 0:43:15]} Nxc6 {[%clk 0:51:02]} 21. b5 {[%clk 0:43:21]} Na5
{[%clk 0:40:29]} 22. Bd3 {[%clk 0:20:15]} Kf8 {[%clk 0:39:26]} 23. Ne5
{[%clk 0:20:14]} Ne8 {[%clk 0:23:18]} 24. h4 1/2-1/2

[Event "Lozovatsky memorial 2018"]
[Site "?"]
[Date "2018.01.10"]
[Round "2.5"]
[White "Chos, Alexey"]
[Black "Matsenko, Andrei"]
[Result "0-1"]
[BlackElo "2285"]
[WhiteElo "2317"]
[LiveChessVersion "1.4.8"]

1. e4 {[%clk 1:30:59]} c6 {[%clk 1:30:53]} 2. d4 {[%clk 1:31:24]} d5
{[%clk 1:31:20]} 3. Nc3 {[%clk 1:31:50]} dxe4 {[%clk 1:31:47]} 4. Nxe4
{[%clk 1:32:14]} Bf5 {[%clk 1:32:15]} 5. Ng3 {[%clk 1:32:39]} Bg6
{[%clk 1:32:42]} 6. Nf3 {[%clk 1:32:57]} Nd7 {[%clk 1:32:52]} 7. h4
{[%clk 1:33:21]} h6 {[%clk 1:33:19]} 8. h5 {[%clk 1:33:48]} Bh7 {[%clk 1:33:47]}
9. Bd3 {[%clk 1:34:13]} Bxd3 {[%clk 1:34:14]} 10. Qxd3 {[%clk 1:34:38]} e6
{[%clk 1:34:20]} 11. Bd2 {[%clk 1:33:49]} Ngf6 {[%clk 1:34:40]} 12. O-O-O
{[%clk 1:34:10]} Bd6 {[%clk 1:34:19]} 13. Ne4 {[%clk 1:34:30]} Nxe4
{[%clk 1:34:44]} 14. Qxe4 {[%clk 1:34:55]} Nf6 {[%clk 1:35:11]} 15. Qe2
{[%clk 1:35:17]} Qc7 {[%clk 1:33:22]} 16. Kb1 {[%clk 1:34:47]} O-O-O
{[%clk 1:33:47]} 17. c4 {[%clk 1:33:58]} c5 {[%clk 1:19:57]} 18. Bc3
{[%clk 1:34:22]} Rhe8 {[%clk 1:13:43]} 19. Ne5 {[%clk 1:34:06]} cxd4
{[%clk 0:55:51]} 20. Bxd4 {[%clk 1:34:32]} Bxe5 {[%clk 0:55:08]} 21. Bxe5
{[%clk 1:34:52]} Qc5 {[%clk 0:54:06]} 22. g4 {[%clk 1:29:41]} Nxg4
{[%clk 0:50:20]} 23. Rxd8+ {[%clk 1:29:35]} Rxd8 {[%clk 0:50:44]} 24. Bxg7
{[%clk 1:29:08]} Qf5+ {[%clk 0:49:28]} 25. Qc2 {[%clk 1:22:08]} Qf3
{[%clk 0:44:06]} 26. Rg1 {[%clk 1:15:48]} f5 {[%clk 0:41:38]} 27. a3
{[%clk 1:09:14]} e5 {[%clk 0:36:15]} 28. Ka2 {[%clk 1:06:06]} e4 {[%clk 0:34:13]}
29. c5 {[%clk 0:55:51]} Qxf2 {[%clk 0:31:38]} 30. Qxf2 {[%clk 0:55:59]} Nxf2
{[%clk 0:32:05]} 31. Bxh6 {[%clk 0:56:22]} Rh8 {[%clk 0:31:48]} 32. Rg6
{[%clk 0:56:32]} Nd3 {[%clk 0:30:10]} 33. Rf6 {[%clk 0:56:20]} Kd7
{[%clk 0:28:01]} 34. Rd6+ {[%clk 0:52:36]} Ke8 {[%clk 0:25:26]} 35. Kb3
{[%clk 0:50:12]} f4 {[%clk 0:21:34]} 36. Kc3 {[%clk 0:43:36]} f3 {[%clk 0:18:41]}
37. Kd2 {[%clk 0:35:14]} Kf7 {[%clk 0:17:13]} 38. Be3 {[%clk 0:33:43]} Rxh5
{[%clk 0:15:31]} 39. Rd7+ {[%clk 0:33:55]} Ke6 {[%clk 0:15:36]} 40. Rxb7
{[%clk 0:30:31]} Rh2+ {[%clk 0:11:06]} 41. Kc3 {[%clk 0:30:38]} f2
{[%clk 0:07:50]} 42. Bxf2 {[%clk 0:30:46]} Nxf2 {[%clk 0:08:02]} 43. Rxa7
{[%clk 0:30:24]} e3 {[%clk 0:05:16]} 44. Ra8 {[%clk 0:30:38]} Kd5
{[%clk 0:04:09]} 45. Rd8+ {[%clk 0:30:55]} Kxc5 {[%clk 0:04:21]} 46. b4+
{[%clk 0:30:52]} Kc6 {[%clk 0:04:34]} 47. Re8 {[%clk 0:31:01]} Kd5
{[%clk 0:03:01]} 48. Rd8+ {[%clk 0:31:01]} Ke4 {[%clk 0:03:20]} 49. Re8+
{[%clk 0:30:14]} Kd5 {[%clk 0:03:46]} 50. Rd8+ {[%clk 0:30:33]} Ke4
{[%clk 0:04:15]} 51. Re8+ {[%clk 0:30:57]} Kf3 {[%clk 0:04:34]} 52. Rf8+
{[%clk 0:31:18]} Ke2 {[%clk 0:04:48]} 53. b5 {[%clk 0:31:27]} Ne4+
{[%clk 0:02:26]} 54. Kd4 {[%clk 0:31:14]} Kd2 {[%clk 0:01:53]} 55. Rf3
{[%clk 0:29:38]} Nd6 {[%clk 0:01:46]} 56. a4 {[%clk 0:28:38]} e2 {[%clk 0:02:03]}
57. Ra3 {[%clk 0:28:12]} Rh4+ {[%clk 0:02:28]} 58. Kd5 {[%clk 0:28:41]} e1=Q
{[%clk 0:02:47]} 59. b6 {[%clk 0:28:53]} Qe4+ {[%clk 0:03:08]} 60. Kxd6
{[%clk 0:29:15]} 0-1

[Event "Lozovatsky memorial 2018"]
[Site "?"]
[Date "2018.01.10"]
[Round "2.6"]
[White "Remizov, Yaroslav"]
[Black "Frolov, Ivan"]
[Result "1-0"]
[BlackElo "2286"]
[WhiteElo "2322"]
[LiveChessVersion "1.4.8"]

1. e4 {[%clk 1:30:58]} d5 {[%clk 1:10:09]} 2. exd5 {[%clk 1:30:02]} Nf6
{[%clk 1:10:33]} 3. d4 {[%clk 1:27:06]} Nxd5 {[%clk 1:06:12]} 4. c4
{[%clk 1:26:17]} Nf6 {[%clk 1:05:39]} 5. Nc3 {[%clk 1:26:20]} Bg4
{[%clk 1:05:03]} 6. f3 {[%clk 1:23:07]} Bf5 {[%clk 1:04:48]} 7. Nge2
{[%clk 1:18:01]} e5 {[%clk 0:53:03]} 8. dxe5 {[%clk 1:13:38]} Nc6
{[%clk 0:44:19]} 9. exf6 {[%clk 0:59:04]} Nb4 {[%clk 0:43:22]} 10. fxg7
{[%clk 0:57:11]} Qxd1+ {[%clk 0:40:46]} 11. Nxd1 {[%clk 0:55:53]} Nd3+
{[%clk 0:38:37]} 12. Kd2 {[%clk 0:56:11]} Bxg7 {[%clk 0:38:52]} 13. Ng3
{[%clk 0:54:09]} Bh6+ {[%clk 0:32:12]} 14. Ne3 {[%clk 0:50:09]} Bg6
{[%clk 0:32:38]} 15. Bxd3 {[%clk 0:49:33]} O-O-O {[%clk 0:33:03]} 16. Ne4
{[%clk 0:49:57]} f5 {[%clk 0:33:25]} 17. Ke2 {[%clk 0:49:58]} fxe4
{[%clk 0:33:23]} 18. Bxe4 {[%clk 0:49:05]} Rhe8 {[%clk 0:33:49]} 19. Rd1
{[%clk 0:48:56]} 1-0

[Event "Lozovatsky memorial 2018"]
[Site "?"]
[Date "2018.01.10"]
[Round "2.7"]
[White "Kazantsev, Nikita"]
[Black "Mischuk, Dmitry"]
[Result "0-1"]
[BlackElo "2382"]
[WhiteElo "2141"]
[LiveChessVersion "1.4.8"]

1. e4 {[%clk 1:17:18]} c5 {[%clk 1:30:33]} 2. Nf3 {[%clk 1:17:35]} Nc6
{[%clk 1:30:10]} 3. d4 {[%clk 1:18:00]} cxd4 {[%clk 1:30:34]} 4. Nxd4
{[%clk 1:18:28]} e6 {[%clk 1:27:27]} 5. Nc3 {[%clk 1:16:42]} Qc7 {[%clk 1:27:27]}
6. Be3 {[%clk 1:11:37]} a6 {[%clk 1:20:28]} 7. Be2 {[%clk 1:09:38]} Nf6
{[%clk 1:19:11]} 8. O-O {[%clk 1:09:04]} b5 {[%clk 1:11:37]} 9. a3
{[%clk 0:56:58]} Bb7 {[%clk 1:10:23]} 10. Kh1 {[%clk 0:48:21]} Nxd4
{[%clk 1:01:58]} 11. Qxd4 {[%clk 0:47:34]} Rc8 {[%clk 0:52:23]} 12. f4
{[%clk 0:29:27]} Bc5 {[%clk 0:51:58]} 13. Qxc5 {[%clk 0:29:52]} Qxc5
{[%clk 0:52:25]} 14. Bxc5 {[%clk 0:30:18]} Rxc5 {[%clk 0:52:52]} 15. e5
{[%clk 0:30:39]} Nd5 {[%clk 0:48:48]} 16. Bf3 {[%clk 0:28:02]} Ke7
{[%clk 0:47:18]} 17. Bxd5 {[%clk 0:23:59]} Bxd5 {[%clk 0:47:43]} 18. Rad1
{[%clk 0:24:14]} Rxc3 {[%clk 0:45:27]} 19. bxc3 {[%clk 0:24:33]} Rc8
{[%clk 0:45:55]} 20. Rd3 {[%clk 0:20:01]} Bc4 {[%clk 0:46:14]} 21. Rc1
{[%clk 0:20:27]} Bxd3 {[%clk 0:46:31]} 22. cxd3 {[%clk 0:20:53]} f6
{[%clk 0:46:39]} 23. exf6+ Kxf6 {[%clk 0:46:11]} 24. Kg1 {[%clk 0:18:54]} d5
{[%clk 0:46:27]} 25. Kf2 {[%clk 0:18:48]} a5 {[%clk 0:42:40]} 26. Ke3
{[%clk 0:17:58]} b4 {[%clk 0:42:56]} 27. axb4 {[%clk 0:18:18]} axb4
{[%clk 0:43:23]} 28. c4 {[%clk 0:18:29]} dxc4 {[%clk 0:36:55]} 29. dxc4
{[%clk 0:17:36]} e5 {[%clk 0:36:55]} 30. Ke4 {[%clk 0:15:39]} exf4
{[%clk 0:37:10]} 31. Kxf4 {[%clk 0:16:06]} Ke6 {[%clk 0:36:09]} 32. Ke4
{[%clk 0:16:17]} Kd6 {[%clk 0:36:23]} 33. Kd4 {[%clk 0:14:07]} Kc6
{[%clk 0:36:39]} 34. c5 {[%clk 0:13:34]} Rb8 {[%clk 0:33:07]} 35. Kc4
{[%clk 0:00:43]} b3 {[%clk 0:32:41]} 36. Rb1 {[%clk 0:00:37]} b2 {[%clk 0:32:58]}
37. g4 {[%clk 0:00:32]} g5 {[%clk 0:33:03]} 38. Kd4 {[%clk 0:00:38]} Rb4+
{[%clk 0:32:52]} 39. Kc3 {[%clk 0:01:04]} Kxc5 {[%clk 0:33:08]} 40. h3
{[%clk 0:01:30]} h6 {[%clk 0:31:56]} 41. Kd3 {[%clk 0:01:40]} Kd5
{[%clk 0:32:07]} 42. Kc3 {[%clk 0:01:40]} Rb7 {[%clk 0:32:12]} 43. Kc2
{[%clk 0:01:44]} Kc4 {[%clk 0:31:39]} 44. Re1 {[%clk 0:00:36]} b1=Q+
{[%clk 0:31:46]} 45. Rxb1 {[%clk 0:00:39]} Rxb1 {[%clk 0:32:13]} 46. Kxb1
{[%clk 0:01:03]} Kd3 {[%clk 0:32:40]} 0-1

[Event "Lozovatsky memorial 2018"]
[Site "?"]
[Date "2018.01.10"]
[Round "2.8"]
[White "Tologontegin, Semetey"]
[Black "Gnusarev, Pavel"]
[Result "1-0"]
[BlackElo "2294"]
[WhiteElo "2409"]
[LiveChessVersion "1.4.8"]

1. Nf3 {[%clk 1:30:56]} d6 {[%clk 1:30:02]} 2. d4 {[%clk 1:25:03]} g6
{[%clk 1:29:48]} 3. c4 {[%clk 1:21:26]} Bg7 {[%clk 1:28:44]} 4. Nc3
{[%clk 1:21:40]} Nf6 {[%clk 1:28:53]} 5. e3 {[%clk 1:20:24]} Bg4 {[%clk 1:25:20]}
6. Be2 {[%clk 1:20:25]} O-O {[%clk 1:25:36]} 7. h3 {[%clk 1:19:05]} Bxf3
{[%clk 1:22:10]} 8. Bxf3 {[%clk 1:19:29]} Nc6 {[%clk 1:22:33]} 9. O-O
{[%clk 1:19:27]} Nd7 {[%clk 1:21:45]} 10. Bd2 {[%clk 0:34:44]} e5
{[%clk 1:19:31]} 11. dxe5 {[%clk 0:33:28]} Ncxe5 {[%clk 1:18:54]} 12. Be2
{[%clk 0:33:35]} a5 {[%clk 1:16:33]} 13. Qc2 {[%clk 0:33:20]} Nc5
{[%clk 1:15:53]} 14. Rad1 {[%clk 0:33:05]} f5 {[%clk 1:12:22]} 15. Bc1
{[%clk 0:30:58]} c6 {[%clk 1:02:49]} 16. b3 {[%clk 0:31:08]} Qe7 {[%clk 1:02:20]}
17. Rfe1 {[%clk 0:26:53]} g5 {[%clk 0:58:08]} 18. f4 {[%clk 0:24:12]} Ng6
{[%clk 0:55:11]} 19. Bd3 {[%clk 0:23:50]} Rae8 {[%clk 0:51:38]} 20. Ne2
{[%clk 0:19:47]} Nh4 {[%clk 0:43:23]} 21. Bd2 {[%clk 0:19:12]} Qf6
{[%clk 0:24:02]} 22. Kh2 {[%clk 0:18:27]} Qh6 {[%clk 0:10:30]} 23. Rg1
{[%clk 0:15:13]} g4 {[%clk 0:07:29]} 24. Rdf1 {[%clk 0:15:32]} Nf3+
{[%clk 0:05:53]} 25. Rxf3 {[%clk 0:15:58]} gxf3 {[%clk 0:06:19]} 26. gxf3
{[%clk 0:16:22]} Nxd3 {[%clk 0:04:49]} 27. Qxd3 {[%clk 0:16:46]} Rf6
{[%clk 0:02:27]} 28. Ng3 {[%clk 0:10:58]} Ref8 {[%clk 0:02:53]} 29. e4
{[%clk 0:08:08]} fxe4 {[%clk 0:02:39]} 30. fxe4 {[%clk 0:08:31]} Rxf4
{[%clk 0:02:40]} 31. Bxf4 {[%clk 0:08:45]} Qxf4 {[%clk 0:03:02]} 32. Kh1
{[%clk 0:08:48]} Rf7 {[%clk 0:01:36]} 33. c5 {[%clk 0:03:59]} Kh8
{[%clk 0:00:34]} 34. cxd6 {[%clk 0:03:40]} Qf3+ {[%clk 0:00:33]} 35. Qxf3
{[%clk 0:04:04]} Rxf3 {[%clk 0:01:00]} 36. Nf5 {[%clk 0:01:26]} Rxh3+
{[%clk 0:01:08]} 37. Kg2 {[%clk 0:01:55]} Rd3 {[%clk 0:01:22]} 38. Kf2
{[%clk 0:01:50]} Bf6 {[%clk 0:00:31]} 39. Ke2 {[%clk 0:01:53]} Rh3
{[%clk 0:00:37]} 40. Rg2 {[%clk 0:01:04]} h5 {[%clk 0:00:36]} 41. d7
{[%clk 0:01:19]} Rc3 {[%clk 0:00:00]} 1-0